Dans quel département sont situées ces îles françaises - Statistiques

Statistiques générales
  • Ce quiz a été pris 212 fois
    191 depuis la dernière actualisation
  • Le résultat moyen est 10 sur 12
Statistiques - réponses
Iles Département % Correct
Glénan - Sein - Batz - Ouessant Finistère
98%
Belle Ile - Houat - Groix Morbihan
95%
Oleron - Re - Aix - Madame Charente Maritime
94%
Yeu - Noirmoutier Vendée
94%
Marie Galante - La Désirade Guadeloupe
92%
Porquerolles Var
92%
If Bouches du Rhône
89%
Chausey Manche
89%
Bréhat Côtes d'Armor
84%
Sanguinaires Corse du Sud
77%
Iles du Salut Guyane
68%
Brescou Herault
60%
Aucun quiz correspondant
Distribution des résultats
% des personnes avec chaque résultat
Percentile par nombre de réponses
Votre historique - résultats
Vous n’avez pas pris ce quiz depuis la dernière actualisation